Ashtangahrydaya (Record no. 347868)

MARC details
000 -LEADER
fixed length control field 004060000a22001930004500
005 - DATE AND TIME OF LATEST TRANSACTION
control field 20120302055235.0
040 ## - CATALOGING SOURCE
Original cataloging agency H.S
100 ## - MAIN ENTRY--PERSONAL NAME
Personal name Vaangabhatt
245 ## - TITLE STATEMENT
Title Ashtangahrydaya
300 ## - PHYSICAL DESCRIPTION
Extent 984,10p.
650 ## - SUBJECT ADDED ENTRY--TOPICAL TERM
Topical term or geographic name as entry element Vaidyaka
650 ## - SUBJECT ADDED ENTRY--TOPICAL TERM
Topical term or geographic name as entry element Sanskrit
650 ## - SUBJECT ADDED ENTRY--TOPICAL TERM
Topical term or geographic name as entry element Bhasha
650 ## - SUBJECT ADDED ENTRY--TOPICAL TERM
Topical term or geographic name as entry element Sutrasthaana
650 ## - SUBJECT ADDED ENTRY--TOPICAL TERM
Topical term or geographic name as entry element Shaarira Sthaana
650 ## - SUBJECT ADDED ENTRY--TOPICAL TERM
Topical term or geographic name as entry element Nidaan Sthaana
650 ## - SUBJECT ADDED ENTRY--TOPICAL TERM
Topical term or geographic name as entry element Chikitsaa
942 ## - ADDED ENTRY ELEMENTS (KOHA)
Koha item type Book
Holdings
Withdrawn status Lost status Damaged status Not for loan Home library Current library Date acquired Total Checkouts Barcode Date last seen Price effective from
        Institute For Oriental Study, Thane Institute For Oriental Study, Thane 12/02/2009   IOS-8155 12/02/2009 12/02/2009